<?xml version="1.0" encoding="UTF-8"?>
<record
    xmlns:xsi="http://www.w3.org/2001/XMLSchema-instance"
    xsi:schemaLocation="http://www.loc.gov/MARC21/slim http://www.loc.gov/standards/marcxml/schema/MARC21slim.xsd"
    xmlns="http://www.loc.gov/MARC21/slim">

  <leader>01395nam a22002417a 4500</leader>
  <controlfield tag="005">20210325185520.0</controlfield>
  <controlfield tag="008">      s2545    th                  tha d</controlfield>
  <datafield tag="020" ind1=" " ind2=" ">
    <subfield code="a">9744175265</subfield>
  </datafield>
  <datafield tag="041" ind1=" " ind2=" ">
    <subfield code="a">tha</subfield>
  </datafield>
  <datafield tag="090" ind1=" " ind2=" ">
    <subfield code="a">&#xE2D; AE370.T54 &#xE1E;833&#xE15;3 2545</subfield>
  </datafield>
  <datafield tag="110" ind1="0" ind2=" ">
    <subfield code="a">&#xE04;&#xE13;&#xE30;&#xE01;&#xE23;&#xE23;&#xE21;&#xE01;&#xE32;&#xE23;&#xE08;&#xE31;&#xE14;&#xE17;&#xE33;&#xE2B;&#xE19;&#xE31;&#xE07;&#xE2A;&#xE37;&#xE2D;&#xE17;&#xE35;&#xE48;&#xE23;&#xE30;&#xE25;&#xE36;&#xE01;&#xE41;&#xE25;&#xE30;&#xE08;&#xE14;&#xE2B;&#xE21;&#xE32;&#xE22;&#xE40;&#xE2B;&#xE15;&#xE38;&#xE1E;&#xE23;&#xE30;&#xE23;&#xE32;&#xE0A;&#xE1E;&#xE34;&#xE18;&#xE2A;&#xE21;&#xE21;&#xE07;&#xE04;&#xE25;&#xE1E;&#xE23;&#xE30;&#xE0A;&#xE19;&#xE21;&#xE32;&#xE22;&#xE38;&#xE40;&#xE17;&#xE48;&#xE32;&#xE1E;&#xE23;&#xE30;&#xE1A;&#xE32;&#xE17;&#xE2A;&#xE21;&#xE40;&#xE14;&#xE47;&#xE08;&#xE1E;&#xE23;&#xE30;&#xE1E;&#xE38;&#xE17;&#xE18;&#xE22;&#xE2D;&#xE14;&#xE1F;&#xE49;&#xE32;&#xE08;&#xE38;&#xE2C;&#xE32;&#xE42;&#xE25;&#xE01;&#xE21;&#xE2B;&#xE32;&#xE23;&#xE32;&#xE0A;</subfield>
  </datafield>
  <datafield tag="245" ind1="1" ind2="0">
    <subfield code="a">&#xE15;&#xE33;&#xE23;&#xE32;&#xE0A;&#xE49;&#xE32;&#xE07; &#xE09;&#xE1A;&#xE31;&#xE1A;&#xE23;&#xE31;&#xE0A;&#xE01;&#xE32;&#xE25;&#xE17;&#xE35;&#xE48; 1</subfield>
  </datafield>
  <datafield tag="260" ind1="3" ind2=" ">
    <subfield code="a">&#xE01;&#xE23;&#xE38;&#xE07;&#xE40;&#xE17;&#xE1E;&#xE2F; : </subfield>
    <subfield code="b">&#xE01;&#xE23;&#xE21;&#xE28;&#xE34;&#xE25;&#xE1B;&#xE32;&#xE01;&#xE23;, </subfield>
    <subfield code="c">2545</subfield>
  </datafield>
  <datafield tag="300" ind1=" " ind2=" ">
    <subfield code="a">193 &#xE2B;&#xE19;&#xE49;&#xE32; :</subfield>
    <subfield code="b"> &#xE20;&#xE32;&#xE1E;&#xE1B;&#xE23;&#xE30;&#xE01;&#xE2D;&#xE1A; ;</subfield>
    <subfield code="c"> 30 &#xE0B;&#xE21;.</subfield>
  </datafield>
  <datafield tag="610" ind1=" " ind2=" ">
    <subfield code="a">&#xE04;&#xE13;&#xE30;&#xE01;&#xE23;&#xE23;&#xE21;&#xE01;&#xE32;&#xE23;&#xE08;&#xE31;&#xE14;&#xE17;&#xE33;&#xE2B;&#xE19;&#xE31;&#xE07;&#xE2A;&#xE37;&#xE2D;&#xE17;&#xE35;&#xE48;&#xE23;&#xE30;&#xE25;&#xE36;&#xE01;&#xE41;&#xE25;&#xE30;&#xE08;&#xE14;&#xE2B;&#xE21;&#xE32;&#xE22;&#xE40;&#xE2B;&#xE15;&#xE38;&#xE1E;&#xE23;&#xE30;&#xE23;&#xE32;&#xE0A;&#xE1E;&#xE34;&#xE18;&#xE2A;&#xE21;&#xE21;&#xE07;&#xE04;&#xE25;&#xE1E;&#xE23;&#xE30;&#xE0A;&#xE19;&#xE21;&#xE32;&#xE22;&#xE38;&#xE40;&#xE17;&#xE48;&#xE32;&#xE1E;&#xE23;&#xE30;&#xE1A;&#xE32;&#xE17;&#xE2A;&#xE21;&#xE40;&#xE14;&#xE47;&#xE08;&#xE1E;&#xE23;&#xE30;&#xE1E;&#xE38;&#xE17;&#xE18;&#xE22;&#xE2D;&#xE14;&#xE1F;&#xE49;&#xE32;&#xE08;&#xE38;&#xE2C;&#xE32;&#xE42;&#xE25;&#xE01;&#xE21;&#xE2B;&#xE32;&#xE23;&#xE32;&#xE0A;</subfield>
  </datafield>
  <datafield tag="650" ind1="0" ind2="4">
    <subfield code="a">&#xE04;&#xE0A;&#xE28;&#xE32;&#xE2A;&#xE15;&#xE23;&#xE4C;</subfield>
  </datafield>
  <datafield tag="650" ind1="0" ind2="4">
    <subfield code="a">&#xE0A;&#xE49;&#xE32;&#xE07;</subfield>
  </datafield>
  <datafield tag="650" ind1="0" ind2="4">
    <subfield code="a">&#xE0A;&#xE49;&#xE32;&#xE07;&#xE04;&#xE0A;&#xE28;&#xE32;&#xE2A;&#xE15;&#xE23;&#xE4C;</subfield>
  </datafield>
  <datafield tag="850" ind1=" " ind2=" ">
    <subfield code="a">NALT</subfield>
  </datafield>
  <datafield tag="942" ind1=" " ind2=" ">
    <subfield code="c">REF</subfield>
  </datafield>
  <datafield tag="997" ind1=" " ind2=" ">
    <subfield code="c">000000000023166</subfield>
  </datafield>
  <datafield tag="998" ind1=" " ind2=" ">
    <subfield code="a">SOPAPORN</subfield>
  </datafield>
  <datafield tag="999" ind1=" " ind2=" ">
    <subfield code="c">23166</subfield>
    <subfield code="d">23166</subfield>
  </datafield>
  <datafield tag="952" ind1=" " ind2=" ">
    <subfield code="0">0</subfield>
    <subfield code="1">0</subfield>
    <subfield code="4">0</subfield>
    <subfield code="7">0</subfield>
    <subfield code="8">CREF</subfield>
    <subfield code="a">NALT</subfield>
    <subfield code="b">NALT</subfield>
    <subfield code="l">0</subfield>
    <subfield code="o">&#xE2D; AE370.T54 &#xE1E;833&#xE15;3 2545</subfield>
    <subfield code="p">3961146130</subfield>
    <subfield code="r">2017-06-09 00:00:00</subfield>
    <subfield code="w">2017-06-09</subfield>
    <subfield code="y">REF</subfield>
  </datafield>
</record>
